000 00371nam a2200145Ia 4500
008 230917s9999||||xx |||||||||||||| ||und||
040 _e105635
_aMAIN
041 _aEnglish
082 _a301.04 D74U
100 _aDoshi, Shambu lal
245 0 _aUcchtar samaj shastriya siddhant
260 _aJaipur
_bRawat Publications
_c2002
300 _axiii, 405 p.
942 _cBK
999 _c110253
_d110253